Statistics for Countries in PISA ranking

Click here to take the quiz!

General Stats

  • This quiz has been taken 29 times
  • The average score is 23 of 30

Answer Stats

Rank.Państwo
Przedmiot
% Correct
5South Korea
100%
7South Korea
100%
7South Korea
100%
1ChinaMath
96%
1ChinaScience
96%
1ChinaReading
96%
4Japan
96%
5Japan
96%
9Sweden
96%
5Finland
93%
6Finland
93%
4Canada
86%
10Canada
86%
8Canada
86%
2Singapore
82%
2Singapore
82%
2Singapore
82%
9Switzerland
79%
3Taiwan
75%
9Taiwan
75%
10New Zealand
61%
7Netherlands
57%
3Estonia
54%
6Estonia
54%
4Estonia
54%
6Ireland
54%
10Poland
43%
8Poland
43%
8Poland
43%
3
Vietnam
39%

Score Distribution

Percentile by Number Answered

Percent of People with Each Score

Your Score History

You have not taken this quiz